| 000 | 01062cai a22002295a 4500 | ||
|---|---|---|---|
| 001 | L140119 | ||
| 008 | 070905s2007 xxkd f s 000 0 eng d | ||
| 035 | _a(Sirsi) u140119 | ||
| 041 | 0 | _aeng | |
| 050 | 0 | 4 | _a333.33 $2 18 |
| 110 | 2 |
_aAtisreal _95337 |
|
| 245 | 0 | 0 |
_aEurope quarterly _binvestment market quarter two 2007 _h[electronic resource] |
| 260 |
_a[s.l.] _bAtisreal _c2007 |
||
| 490 | 0 |
_aAtisreal Europe Quarterly Investment Market _vQuarter Two 2007 |
|
| 520 | _aCovers European investment market in commercial real estate. Presents European market indicators for second quarter 2007 compared to 2006. Comparative analysis of pan-European market trends, including investment volume, investment volume by product and prime office yields. | ||
| 590 | _aKA | ||
| 650 | 2 | 4 | _aATISREAL EUROPE QUARTERLY INVESTMENT MARKET |
| 651 | 4 | _aEurope | |
| 690 | _aPROPERTY-COMMERCIAL PROPERTY-COMMERCIAL PROPERTY MARKET | ||
| 856 | 4 | 8 |
_uhttps://www.atisreal.com/ _vView this report free of charge at www.atisreal.com (see market research section)... |
| 942 | _n0 | ||
| 999 |
_c107428 _d107428 |
||